[Event "FIDE Online Olympiad"]
[Site "Chess.com"]
[Date "2020.08.22"]
[EventDate "2020.08.21"]
[Round "4"]
[Result "1-0"]
[White "Dominika Ferkova"]
[Black "Florence Rollot"]
[WhiteElo "1820"]
[BlackElo "1944"]
[Source "Chess-Results"]
[PlyCount "77"]

1. d4 Nf6 2. c4 c5 3. d5 b5 4. cxb5 a6 5. bxa6 g6 6. Nc3 Bxa6
7. e4 Bxf1 8. Kxf1 d6 9. Nf3 Bg7 10. g3 O-O 11. Kg2 Nbd7
12. a4 Ra6 13. Qc2 Qa8 14. Bd2 Rb8 15. Ra3 e6 16. Nb5 Qb7
17. dxe6 fxe6 18. Re1 Ng4 19. Qb3 Nf8 20. Ng5 Qd7 21. f3 Ne5
22. f4 Nc6 23. Qa2 Nb4 24. Qb1 Rba8 25. Bxb4 cxb4 26. Rd3 Rc6
27. b3 Rac8 28. Qd1 Rc2+ 29. Re2 Rc1 30. Qd2 d5 31. exd5 exd5
32. Rxd5 Qc6 33. Na7 Qb6 34. Nxc8 Qg1+ 35. Kh3 Bc3 36. Qd3
Qf1+ 37. Rg2 Qe1 38. Rd8 Kg7 39. Qd5 1-0

[Event "FIDE Online Olympiad"]
[Site "Chess.com"]
[Date "2020.08.22"]
[EventDate "2020.08.21"]
[Round "4"]
[Result "1-0"]
[White "Shakhriyar Mamedyarov"]
[Black "Vassily Ivanchuk"]
[WhiteElo "2761"]
[BlackElo "2686"]
[Source "Chess-Results"]
[PlyCount "69"]

1. e4 c5 2. c3 e6 3. d4 d5 4. exd5 exd5 5. Nf3 Nc6 6. Bb5 Bd6
7. O-O Ne7 8. dxc5 Bxc5 9. Nbd2 O-O 10. Nb3 Bd6 11. Bd3 h6
12. h3 Nf5 13. Re1 Qf6 14. Bc2 Rd8 15. Qd3 g6 16. Qd2 g5
17. Qd3 Bc7 18. Be3 Nxe3 19. Rxe3 Bb6 20. Nbd4 Bd7 21. Rae1
Kf8 22. Nxc6 bxc6 23. Ne5 Bxe3 24. Rxe3 Be6 25. Nxc6 Re8
26. Ne5 Re7 27. Qd4 Qg7 28. Qc5 Re8 29. Ba4 Qf6 30. Bxe8 Kxe8
31. Qd6 Kf8 32. Nd7+ Bxd7 33. Qxf6 Rxe3 34. Qxh6+ Ke8 35. fxe3
1-0

[Event "FIDE Online Olympiad"]
[Site "Chess.com"]
[Date "2020.08.22"]
[EventDate "2020.08.21"]
[Round "4"]
[Result "1-0"]
[White "Viktor Erdos"]
[Black "Johannes Manyedi Mabusela"]
[WhiteElo "2580"]
[BlackElo "2297"]
[Source "Chess-Results"]
[PlyCount "101"]

1. Nf3 Nf6 2. c4 e6 3. Nc3 c5 4. g3 b6 5. Bg2 Bb7 6. O-O Be7
7. d4 cxd4 8. Qxd4 O-O 9. Rd1 d6 10. Bg5 Nbd7 11. Nb5 d5
12. cxd5 exd5 13. Nc3 h6 14. Bxf6 Nxf6 15. e3 Bc5 16. Qa4 Qe7
17. Nd4 Rfd8 18. Rac1 Rac8 19. Bh3 Ra8 20. Rc2 a6 21. Nc6 Bxc6
22. Qxc6 Qd6 23. Qxd6 Rxd6 24. Na4 Ne4 25. Bf5 Rad8 26. a3 g6
27. Bxe4 dxe4 28. Rxd6 Rxd6 29. b4 Rd1+ 30. Kg2 Be7 31. Nxb6
Ra1 32. Nd5 Bf8 33. Rc3 Kg7 34. Nc7 a5 35. Rb3 a4 36. Rc3 Rb1
37. Ne8+ Kg8 38. Nf6+ Kg7 39. Nxe4 f5 40. Nc5 Bd6 41. Nxa4 Be5
42. Rd3 Kf6 43. Nc5 Ke7 44. Rd7+ Kf6 45. Rd2 Ke7 46. Nd3 Bf6
47. Nf4 g5 48. Nd5+ Ke6 49. Nxf6 Kxf6 50. Rd6+ Ke5 51. Rxh6
1-0

[Event "FIDE Online Olympiad"]
[Site "Chess.com"]
[Date "2020.08.22"]
[EventDate "2020.08.21"]
[Round "4"]
[Result "1-0"]
[White "Ticia Gara"]
[Black "Jesse Nikki February"]
[WhiteElo "2274"]
[BlackElo "1839"]
[Source "Chess-Results"]
[PlyCount "81"]

1. Nf3 d5 2. g3 c5 3. Bg2 Nc6 4. d4 e6 5. O-O Nf6 6. c4 dxc4
7. dxc5 Qxd1 8. Rxd1 Bxc5 9. Nbd2 c3 10. bxc3 O-O 11. Nb3 Bb6
12. Ba3 Rd8 13. Rxd8+ Bxd8 14. Rd1 Bb6 15. Nc5 e5 16. Ng5 Bxc5
17. Bxc5 h6 18. Bxc6 hxg5 19. Rd8+ Kh7 20. Bg2 g4 21. h3 a5
22. hxg4 Nxg4 23. f3 Nh6 24. f4 exf4 25. gxf4 f5 26. Bd5 Ng4
27. Bd4 Kg6 28. a4 Nf6 29. Be6 Bxe6 30. Rxa8 Bc4 31. Bxf6 Kxf6
32. Kf2 Ba6 33. Ke3 g6 34. Kd4 Ke6 35. e3 Kf6 36. Kc5 g5
37. Rf8+ Kg7 38. Rxf5 gxf4 39. Rxf4 Kg6 40. Kb6 Kg5 41. Rf8
1-0

[Event "FIDE Online Olympiad"]
[Site "Chess.com"]
[Date "2020.08.22"]
[EventDate "2020.08.21"]
[Round "4"]
[Result "1-0"]
[White "Adam Kozak"]
[Black "Banele Mhango"]
[WhiteElo "2438"]
[BlackElo "2035"]
[Source "Chess-Results"]
[PlyCount "101"]

1. Nf3 Nf6 2. c4 g6 3. Nc3 Bg7 4. e4 d6 5. d4 O-O 6. Be2 Na6
7. O-O e5 8. Be3 Ng4 9. Bg5 Qe8 10. dxe5 dxe5 11. h3 Nf6
12. Be3 c6 13. Qd6 Nh5 14. Rfd1 Qe6 15. Qd2 Qe7 16. Bf1 Nc5
17. b4 Ne6 18. c5 Rd8 19. Qb2 Nd4 20. Ne1 Nf4 21. Ne2 Nfxe2+
22. Bxe2 Be6 23. Bxd4 exd4 24. Bd3 a5 25. a3 axb4 26. axb4 Qc7
27. Nf3 Rxa1 28. Rxa1 Qf4 29. Qe2 h6 30. Nd2 Qg5 31. Kh2 h5
32. Nf3 Qf4+ 33. g3 Qc7 34. Ng5 Qe7 35. f4 Bh6 36. h4 Bg4
37. Qc2 Kg7 38. Ra7 Rd7 39. e5 Bxg5 40. hxg5 Qe6 41. Bc4 Qf5
42. Bd3 Qe6 43. Ra1 Qd5 44. Re1 Qf3 45. Be4 d3 46. Qd2 Qe2+
47. Rxe2 dxe2 48. Qc3 Rd1 49. e6+ Kf8 50. Qh8+ Ke7 51. Qf6+
1-0

[Event "FIDE Online Olympiad"]
[Site "Chess.com"]
[Date "2020.08.22"]
[EventDate "2020.08.21"]
[Round "5"]
[Result "1-0"]
[White "Benjamin Bok"]
[Black "Daniel Barrish"]
[WhiteElo "2626"]
[BlackElo "2183"]
[Source "Chess-Results"]
[PlyCount "67"]

1. d4 d5 2. c4 e6 3. Nc3 a6 4. cxd5 exd5 5. Nf3 Nf6 6. Bg5 Be6
7. e3 Nbd7 8. Bd3 c6 9. h3 Bd6 10. Bf4 Qc7 11. Bxd6 Qxd6
12. O-O O-O 13. Qb3 Rab8 14. a4 g6 15. Qa3 Qxa3 16. Rxa3 Ne8
17. b4 Nd6 18. Rc1 Nb6 19. Nd2 Ra8 20. a5 Nd7 21. Na4 Nb5
22. Raa1 Nf6 23. Nc5 Bc8 24. Bxb5 axb5 25. Nf3 Ne8 26. a6 b6
27. Nd3 Nd6 28. Rxc6 Nc4 29. a7 Bf5 30. Nf4 Be4 31. Rc7 h6
32. Ne5 g5 33. Nh5 f6 34. Ng4 1-0

[Event "FIDE Online Olympiad"]
[Site "Chess.com"]
[Date "2020.08.22"]
[EventDate "2020.08.21"]
[Round "5"]
[Result "1-0"]
[White "Rosa Ratsma"]
[Black "Michelle M Fisher"]
[WhiteElo "2306"]
[BlackElo "1725"]
[Source "Chess-Results"]
[PlyCount "51"]

1. e4 e5 2. Nf3 Nc6 3. Bb5 f5 4. d3 fxe4 5. dxe4 Nf6 6. O-O
Bc5 7. Qd3 d6 8. Nc3 Bd7 9. a3 a6 10. Bc4 Qe7 11. b4 Ba7
12. Bg5 Qf8 13. Rab1 Nd4 14. b5 axb5 15. Nxb5 Nxb5 16. Bxb5 c6
17. Bc4 b5 18. Bb3 h6 19. Be3 Bxe3 20. fxe3 Qe7 21. Nh4 Ng4
22. Ng6 Qg5 23. Nxh8 Nxe3 24. Rf2 Bh3 25. Qxd6 Nxg2 26. Bf7#
1-0

[Event "FIDE Online Olympiad"]
[Site "Chess.com"]
[Date "2020.08.22"]
[EventDate "2020.08.21"]
[Round "5"]
[Result "1-0"]
[White "Anton Korobov"]
[Black "Viktor Erdos"]
[WhiteElo "2794"]
[BlackElo "2580"]
[Source "Chess-Results"]
[PlyCount "95"]

1. d4 Nf6 2. Nf3 d5 3. c4 e6 4. Nc3 a6 5. c5 b6 6. cxb6 cxb6
7. Bf4 Bb7 8. e3 Be7 9. Bd3 Nbd7 10. O-O Nh5 11. Be5 O-O
12. h3 Nxe5 13. dxe5 g6 14. Rc1 Ng7 15. a4 Bc5 16. Qe2 Qe7
17. Rfd1 Rfd8 18. Nd4 f6 19. exf6 Qxf6 20. Nf3 Kh8 21. a5 bxa5
22. Na4 Bb4 23. Nc5 Bc8 24. Nxa6 Bxa6 25. Bxa6 Rd6 26. Bd3
Rad8 27. e4 dxe4 28. Bxe4 Rxd1+ 29. Rxd1 Rxd1+ 30. Qxd1 Nf5
31. Qd7 Nd6 32. Bd3 Qxb2 33. Qxe6 Qc1+ 34. Bf1 Qf4 35. Ne5 Qf8
36. Bd3 Qe8 37. Qf6+ Kg8 38. Bb1 Qa4 39. Qe6+ Kg7 40. Qe7+ Kg8
41. Qd8+ Qe8 42. Ba2+ Kg7 43. Qc7+ Kh8 44. f4 Qf8 45. g3 g5
46. fxg5 Be1 47. Ng4 Ne4 48. Qe5+ 1-0

[Event "FIDE Online Olympiad"]
[Site "Chess.com"]
[Date "2020.08.22"]
[EventDate "2020.08.21"]
[Round "5"]
[Result "1-0"]
[White "Tamas Banusz"]
[Black "Vladimir Onischuk"]
[WhiteElo "2614"]
[BlackElo "2714"]
[Source "Chess-Results"]
[PlyCount "81"]

1. d4 d6 2. Nf3 g6 3. g3 Bg7 4. Bg2 Nf6 5. O-O O-O 6. c4 Nbd7
7. Nc3 e5 8. e4 c6 9. Be3 Re8 10. h3 b6 11. Qc2 Bb7 12. dxe5
dxe5 13. c5 Bf8 14. cxb6 axb6 15. Rfd1 b5 16. a4 bxa4 17. Nxa4
Qc7 18. Nd2 Ba6 19. Nc4 Bb5 20. Nab6 Rxa1 21. Rxa1 Nxb6
22. Nxb6 Qb7 23. Rd1 h6 24. b3 Rb8 25. Qc3 Qc7 26. Nc4 Re8
27. Na5 c5 28. Nc4 Bc6 29. f3 Nd7 30. Bf1 Nb8 31. Na5 Bd7
32. b4 Rc8 33. Rc1 Be6 34. bxc5 h5 35. h4 Bg7 36. c6 Qd6
37. c7 Na6 38. Qc6 Qxc6 39. Nxc6 Rxc7 40. Bxa6 f6 41. Bb6 1-0

[Event "FIDE Online Olympiad"]
[Site "Chess.com"]
[Date "2020.08.22"]
[EventDate "2020.08.21"]
[Round "5"]
[Result "1-0"]
[White "Petra Papp"]
[Black "Nataliya Buksa"]
[WhiteElo "2297"]
[BlackElo "2213"]
[Source "Chess-Results"]
[PlyCount "79"]

1. e4 e5 2. Nf3 Nc6 3. Bb5 a6 4. Ba4 Nf6 5. O-O Nxe4 6. d4 Be7
7. Re1 b5 8. Rxe4 d5 9. Nxe5 Nxe5 10. Rxe5 bxa4 11. Qe2 c6
12. b3 f6 13. Re3 Kf7 14. Ba3 Bxa3 15. Nxa3 Bf5 16. Re1 Ra7
17. Nb1 Rf8 18. Nc3 axb3 19. cxb3 Kg8 20. Na4 Qa5 21. Qf3 Be4
22. Qf4 Qb4 23. f3 Bc2 24. Nc5 g5 25. Qg4 Bg6 26. Qe6+ Kg7
27. Qxc6 Bf7 28. Nd7 Rxd7 29. Qxd7 Qxd4 30. Kh1 Qd2 31. R3e2
Qa5 32. h3 Rd8 33. Qe7 d4 34. Re6 d3 35. Qxf6+ Kg8 36. R6e5 d2
37. Rxg5+ Bg6 38. Qe6+ Kf8 39. Rxa5 dxe1=Q+ 40. Qxe1 1-0

[Event "FIDE Online Olympiad"]
[Site "Chess.com"]
[Date "2020.08.22"]
[EventDate "2020.08.21"]
[Round "5"]
[Result "1-0"]
[White "Kirill Shevchenko"]
[Black "Adam Kozak"]
[WhiteElo "2425"]
[BlackElo "2438"]
[Source "Chess-Results"]
[PlyCount "79"]

1. e4 e5 2. Nf3 Nc6 3. Bb5 a6 4. Ba4 Nf6 5. Nc3 Bc5 6. d3 d6
7. Bxc6+ bxc6 8. Be3 Bxe3 9. fxe3 Rb8 10. b3 O-O 11. O-O Ng4
12. Qe1 f5 13. exf5 Bxf5 14. h3 Nh6 15. e4 Bd7 16. Qg3 Qe7
17. Rf2 Rf6 18. Raf1 Rbf8 19. Qh4 Qe8 20. Nd2 Qg6 21. Rxf6
Rxf6 22. Rxf6 gxf6 23. Nc4 Nf7 24. Ne3 Ng5 25. Kh1 f5 26. exf5
Bxf5 27. Qa4 d5 28. Qb4 Ne6 29. Qe7 d4 30. Nxf5 Qxf5 31. Ne4
h5 32. a4 c5 33. Kh2 Qf4+ 34. g3 Qf5 35. Kg2 a5 36. Nf6+ Kh8
37. g4 hxg4 38. hxg4 Nf4+ 39. Kh1 Qg6 40. Qf8+ 1-0

[Event "FIDE Online Olympiad"]
[Site "Chess.com"]
[Date "2020.08.22"]
[EventDate "2020.08.21"]
[Round "5"]
[Result "1-0"]
[White "Zsoka Gaal"]
[Black "Mariia Berdnyk"]
[WhiteElo "1816"]
[BlackElo "2169"]
[Source "Chess-Results"]
[PlyCount "117"]

1. Nf3 c5 2. c4 Nc6 3. Nc3 g6 4. g3 Bg7 5. Bg2 e6 6. O-O Nge7
7. d4 cxd4 8. Nb5 O-O 9. Nbxd4 d5 10. cxd5 Nxd4 11. Nxd4 Nxd5
12. Nb3 Bd7 13. e4 Nb6 14. Qe2 Ba4 15. Be3 Rc8 16. Rac1 Bxb3
17. axb3 Qd6 18. Rfd1 Qb4 19. Rxc8 Rxc8 20. Rd3 h5 21. e5 Nd5
22. Bxd5 exd5 23. Bd4 Rc1+ 24. Rd1 Rxd1+ 25. Qxd1 a6 26. Bc3
Qe4 27. Qd4 Qxd4 28. Bxd4 Kf8 29. f4 Ke7 30. Kf2 Ke6 31. Ke3
Kf5 32. Kf3 f6 33. exf6 Bxf6 34. Bxf6 Kxf6 35. h3 Ke6 36. Ke3
a5 37. g4 h4 38. Kd4 b6 39. Ke3 Kd6 40. Kd4 Ke6 41. Ke3 Kd6
42. Kd3 Ke7 43. Kc3 Kd7 44. b4 axb4+ 45. Kxb4 Kd6 46. Kc3 Ke7
47. Kd4 Ke6 48. b3 Kd6 49. f5 gxf5 50. gxf5 Kc6 51. b4 b5
52. Ke5 d4 53. Kxd4 Kd6 54. Ke4 Ke7 55. Ke5 Kf7 56. Kf4 Kg7
57. Kg5 Kf7 58. Kxh4 Kf6 59. Kg4 1-0

[Event "FIDE Online Olympiad"]
[Site "Chess.com"]
[Date "2020.08.22"]
[EventDate "2020.08.21"]
[Round "5"]
[Result "1-0"]
[White "Rauf Mamedov"]
[Black "Lubomir Ftacnik"]
[WhiteElo "2691"]
[BlackElo "2499"]
[Source "Chess-Results"]
[PlyCount "55"]

1. e4 d6 2. d4 Nf6 3. Nc3 g6 4. Nf3 Bg7 5. Bc4 O-O 6. h3 Nxe4
7. Nxe4 d5 8. Bd3 dxe4 9. Bxe4 Nd7 10. O-O c5 11. c3 Nf6
12. Bc2 cxd4 13. Nxd4 e5 14. Nf3 Qc7 15. Re1 Re8 16. Bb3 h6
17. Qe2 e4 18. Nd4 Bd7 19. Be3 a6 20. Rad1 Rac8 21. Qd2 h5
22. Bg5 b5 23. Bxf6 Bxf6 24. Qh6 Re7 25. Qxg6+ Bg7 26. Rxe4
Rce8 27. Rde1 Kf8 28. Qxf7+ 1-0

[Event "FIDE Online Olympiad"]
[Site "Chess.com"]
[Date "2020.08.22"]
[EventDate "2020.08.21"]
[Round "5"]
[Result "1-0"]
[White "Rinat Jumabayev"]
[Black "Marc Andria Maurizzi"]
[WhiteElo "2562"]
[BlackElo "2186"]
[Source "Chess-Results"]
[PlyCount "73"]

1. d4 Nf6 2. Bf4 d5 3. e3 c5 4. c3 Nc6 5. Nd2 e6 6. Ngf3 cxd4
7. exd4 Nh5 8. Be3 Bd6 9. g3 O-O 10. Ne5 g6 11. Nd3 f5 12. Bh6
Re8 13. Be2 Nf6 14. Nf3 b6 15. Bf4 Ba6 16. Nde5 Bxe2 17. Qxe2
Qc7 18. Nd3 Ne4 19. h4 Qe7 20. Qe3 Na5 21. h5 Nc4 22. Bxd6
Nexd6 23. Qf4 Nf7 24. hxg6 hxg6 25. Nfe5 Ncxe5 26. Nxe5 Nxe5
27. dxe5 g5 28. Qe3 Kg7 29. Rh5 Kg6 30. g4 d4 31. Qh3 Qg7
32. O-O-O Qxe5 33. Rh7 fxg4 34. Qh5+ Kf5 35. Rf7+ Ke4
36. Rxd4+ Qxd4 37. Qxg4+ 1-0

[Event "FIDE Online Olympiad"]
[Site "Chess.com"]
[Date "2020.08.22"]
[EventDate "2020.08.21"]
[Round "5"]
[Result "1-0"]
[White "Bibisara Assaubayeva"]
[Black "Anaelle Afraoui"]
[WhiteElo "2321"]
[BlackElo "1966"]
[Source "Chess-Results"]
[PlyCount "111"]

1. d4 Nf6 2. c4 d6 3. Nc3 g6 4. e4 Bg7 5. Be2 O-O 6. Be3 Nbd7
7. g4 e5 8. d5 Nc5 9. f3 a5 10. h4 h5 11. g5 Nfd7 12. Qd2 Nb6
13. O-O-O a4 14. Kb1 Re8 15. Nh3 Bd7 16. Nf2 Qe7 17. Rc1 Rac8
18. Bf1 Ra8 19. Qe2 Rec8 20. Bh3 Bxh3 21. Rxh3 Re8 22. Rhh1
Qd8 23. Rhd1 Qb8 24. Nb5 Nbd7 25. Nd3 b6 26. Nb4 Qc8 27. Nc6
Nb8 28. Nb4 Nba6 29. Nxa6 Rxa6 30. Rc3 Ra8 31. Ra3 Re7 32. Rh1
Qb7 33. Qc2 Ree8 34. Bxc5 bxc5 35. Rxa4 Rxa4 36. Qxa4 Ra8
37. Qc2 Qa6 38. a3 Qa5 39. Qc3 Qb6 40. Kc2 Bf8 41. Kd3 c6
42. dxc6 Qxc6 43. Ke2 Be7 44. Qd2 Rb8 45. Rd1 Rd8 46. Kf2 Rd7
47. Kg2 Kg7 48. a4 f5 49. Qd5 Qa6 50. b3 fxe4 51. fxe4 Qc8
52. Rf1 Bf8 53. Qe6 Qd8 54. a5 Re7 55. Qf6+ Kh7 56. Qxf8 1-0

[Event "FIDE Online Olympiad"]
[Site "Chess.com"]
[Date "2020.08.22"]
[EventDate "2020.08.21"]
[Round "5"]
[Result "1-0"]
[White "Ramazan Zhalmakhanov"]
[Black "Theo Bressy"]
[WhiteElo "2475"]
[BlackElo "2180"]
[Source "Chess-Results"]
[PlyCount "91"]

1. d4 d5 2. Nc3 Nf6 3. Bf4 c5 4. e3 cxd4 5. exd4 a6 6. Nf3 Bg4
7. h3 Bxf3 8. Qxf3 Nc6 9. O-O-O e6 10. g4 Bd6 11. h4 Qc7
12. Bxd6 Qxd6 13. g5 Nd7 14. Ne2 Nb6 15. h5 Qe7 16. Qg3 O-O-O
17. Bh3 g6 18. h6 Nc4 19. c3 b5 20. Kb1 Kb7 21. Nc1 Nd6 22. f3
b4 23. cxb4 Nxb4 24. Nb3 Ka7 25. Rc1 Rc8 26. Rhd1 Nb7 27. Bf1
a5 28. Qe1 Qd6 29. a3 Na6 30. Nxa5 Qb6 31. Nxb7 Kxb7 32. Qd2
Rhd8 33. Qf4 Rxc1+ 34. Rxc1 Rd7 35. Rc3 Nb8 36. Ka2 Ka7
37. Rb3 Qc7 38. Qd2 Nc6 39. Bb5 Rd6 40. Qc3 Qb6 41. Ba4 Qa6
42. Qc5+ Ka8 43. Bb5 Nb4+ 44. Qxb4 Qb6 45. Bc6+ Qxc6 46. Qb8#
1-0

[Event "FIDE Online Olympiad"]
[Site "Chess.com"]
[Date "2020.08.22"]
[EventDate "2020.08.21"]
[Round "5"]
[Result "1-0"]
[White "Ana Matnadze"]
[Black "Olga Dolzhikova"]
[WhiteElo "2361"]
[BlackElo "2109"]
[Source "Chess-Results"]
[PlyCount "117"]

1. d4 b6 2. Nf3 Bb7 3. g3 e6 4. Bg2 c5 5. c3 Nf6 6. O-O d5
7. a4 Be7 8. Ne5 O-O 9. a5 h6 10. Qa4 Qc7 11. Bf4 g5 12. Be3
Bd6 13. f4 Bxe5 14. fxe5 Ng4 15. Bd2 Nd7 16. h3 Ngxe5 17. dxe5
Nxe5 18. Na3 Bc6 19. Qc2 Ng6 20. Rf6 Kg7 21. Rf3 d4 22. Raf1
Bxf3 23. Rxf3 Ne5 24. Rf1 Rac8 25. Nb5 Qd7 26. Qe4 Ng6 27. c4
f5 28. Qb7 Qxb7 29. Bxb7 Rb8 30. a6 Ne5 31. b3 Rfd8 32. Nxa7
Rd7 33. Nb5 Rdxb7 34. axb7 Rxb7 35. Ra1 Nc6 36. h4 Kg6
37. hxg5 hxg5 38. Ra6 e5 39. Ra8 e4 40. Rg8+ Rg7 41. Rc8 Ne5
42. Rb8 Nd7 43. Re8 e3 44. Be1 Rf7 45. Kg2 f4 46. gxf4 gxf4
47. Kf3 Rf5 48. Rg8+ Kh7 49. Rg1 Rf6 50. Bh4 Rf8 51. Nc7 Ne5+
52. Ke4 Ng6 53. Be1 Rb8 54. Ne6 Re8 55. Kf5 Ne7+ 56. Kxf4 Nc6
57. Ng5+ Kg6 58. Ne4+ Kh7 59. Nf6+ 1-0

[Event "FIDE Online Olympiad"]
[Site "Chess.com"]
[Date "2020.08.22"]
[EventDate "2020.08.21"]
[Round "5"]
[Result "1-0"]
[White "Lance Henderson de La Fuente"]
[Black "Elham Abdrlauf"]
[WhiteElo "2177"]
[BlackElo "2255"]
[Source "Chess-Results"]
[PlyCount "77"]

1. d4 g6 2. e4 Bg7 3. Nf3 d6 4. Bc4 Nf6 5. Qe2 O-O 6. O-O c6
7. Bb3 d5 8. e5 Ne4 9. Nbd2 Nxd2 10. Bxd2 b5 11. Rfe1 a5
12. c3 a4 13. Bc2 Bg4 14. h3 Bxf3 15. Qxf3 e6 16. g3 Nd7
17. h4 c5 18. h5 cxd4 19. cxd4 Qb6 20. Be3 Rac8 21. Bd3 Rc4
22. Bxc4 bxc4 23. h6 Bh8 24. Qe2 Rb8 25. Rab1 f6 26. f4 Rc8
27. Bf2 Kf7 28. Qc2 Qa6 29. Re2 f5 30. Qc3 g5 31. fxg5 Kg6
32. Be3 Rb8 33. Rf1 a3 34. bxa3 Rf8 35. Ref2 Rf7 36. g4 Nf8
37. Qc2 Qc8 38. Rf3 Qd7 39. Qh2 1-0

[Event "FIDE Online Olympiad"]
[Site "Chess.com"]
[Date "2020.08.22"]
[EventDate "2020.08.21"]
[Round "5"]
[Result "1-0"]
[White "Ulrikke Langvik"]
[Black "Marta Garcia Martin"]
[WhiteElo "1629"]
[BlackElo "2097"]
[Source "Chess-Results"]
[PlyCount "67"]

1. d4 Nf6 2. Nf3 b6 3. e3 Bb7 4. Bd3 g6 5. Nbd2 d5 6. b3 Bg7
7. Bb2 O-O 8. O-O c5 9. c4 e6 10. Rc1 Nbd7 11. Re1 Re8 12. Ne5
Nxe5 13. dxe5 Nd7 14. f4 f6 15. exf6 Bxf6 16. Bxf6 Qxf6
17. Nf3 e5 18. cxd5 e4 19. Bb5 Rad8 20. Ng5 a6 21. Be2 Nf8
22. Qc2 Bxd5 23. Red1 Bb7 24. Bc4+ Kg7 25. Rxd8 Rxd8 26. Nxe4
Bxe4 27. Qxe4 b5 28. Be2 Rd2 29. Rc2 Rxc2 30. Qxc2 Qe7 31. Kf2
Nd7 32. g3 Nb6 33. Qc3+ Kg8 34. e4 1-0

[Event "FIDE Online Olympiad"]
[Site "Chess.com"]
[Date "2020.08.22"]
[EventDate "2020.08.21"]
[Round "6"]
[Result "1-0"]
[White "Anne Haast"]
[Black "Sheila Barth Stanford"]
[WhiteElo "2318"]
[BlackElo "2133"]
[Source "Chess-Results"]
[PlyCount "97"]

1. e4 c5 2. Nf3 d6 3. d4 cxd4 4. Nxd4 Nf6 5. Nc3 a6 6. Be3 e5
7. Nb3 Be6 8. f3 Be7 9. Qd2 h5 10. a4 Nbd7 11. a5 Rc8 12. Be2
Nc5 13. Nxc5 dxc5 14. Qxd8+ Bxd8 15. Kf2 Nd7 16. Rhd1 Nb8
17. Nd5 Nc6 18. Bxc5 Nxa5 19. b4 Nc6 20. b5 Nd4 21. Bxd4 exd4
22. bxa6 bxa6 23. Rxa6 Rxc2 24. Rxd4 O-O 25. Ke1 Bg5 26. f4
Bxd5 27. fxg5 Be6 28. Rd2 Rc5 29. h4 Re5 30. Rd4 f5 31. Rxe6
Rxe6 32. Bc4 Re8 33. Rd6 Kf7 34. e5 g6 35. Kd2 Re7 36. Kd3 Re8
37. Kd4 Re7 38. Bxe6+ Rxe6 39. Kd5 Re8 40. e6+ Kf8 41. Ke5 f4
42. Kf6 f3 43. gxf3 Kg8 44. e7 Kh8 45. Rd8 Kh7 46. Kf7 Rf8+
47. exf8=N+ Kh8 48. Nxg6+ Kh7 49. Rh8# 1-0

[Event "FIDE Online Olympiad"]
[Site "Chess.com"]
[Date "2020.08.22"]
[EventDate "2020.08.21"]
[Round "6"]
[Result "1-0"]
[White "Olga Dolzhikova"]
[Black "Rosa Ratsma"]
[WhiteElo "2109"]
[BlackElo "2306"]
[Source "Chess-Results"]
[PlyCount "143"]

1. b3 e5 2. Bb2 Nc6 3. e3 Nf6 4. Bb5 Bd6 5. Na3 e4 6. Nc4 Be7
7. Bxc6 dxc6 8. Ne2 O-O 9. O-O a5 10. a4 Re8 11. Ng3 Be6
12. f3 exf3 13. Qxf3 Qd5 14. e4 Qg5 15. Ne3 Rad8 16. d4 h5
17. Ngf5 Bf8 18. Rae1 Bc8 19. e5 Ng4 20. Ng3 Be6 21. c4 Nxe3
22. Rxe3 h4 23. Ne4 Qg6 24. Qf4 Be7 25. Ref3 Rd7 26. Kh1 Red8
27. Bc3 b6 28. Bb2 Kh8 29. Qe3 Kg8 30. Nf2 Bg5 31. Qe4 Qh5
32. Qxc6 Bd2 33. Qe4 c6 34. Qxc6 h3 35. Nxh3 Bxh3 36. Rxh3 Qe2
37. Qf3 Qxf3 38. Rhxf3 Re8 39. Rd3 Bg5 40. Rfd1 Bf4 41. g3 Bg5
42. d5 Kh7 43. Kg2 Kg6 44. Kf3 Rh8 45. h4 Be7 46. Bd4 Bc5
47. Ke4 Re8 48. Rf3 Rde7 49. Rf5 Rd8 50. Bxc5 bxc5 51. Rdf1 f6
52. e6 Rd6 53. g4 Rb6 54. R5f3 Reb7 55. Kf4 Kh7 56. Re1 Re7
57. Rd3 Rd6 58. Kf5 Kg8 59. g5 fxg5 60. hxg5 Re8 61. g6 Rf8+
62. Kg5 Rf6 63. Rh3 Kf8 64. Rh8+ Ke7 65. Rg8 Rf3 66. Rxg7+ Ke8
67. Rh1 Rb6 68. Rh8+ Rf8 69. Rxf8+ Kxf8 70. Rf7+ Kg8 71. e7
Rb8 72. Rf8+ 1-0

[Event "FIDE Online Olympiad"]
[Site "Chess.com"]
[Date "2020.08.22"]
[EventDate "2020.08.21"]
[Round "6"]
[Result "1-0"]
[White "Max Warmerdam"]
[Black "Elham Abdrlauf"]
[WhiteElo "2412"]
[BlackElo "2255"]
[Source "Chess-Results"]
[PlyCount "81"]

1. d4 Nf6 2. c4 e6 3. Nf3 c5 4. d5 b5 5. Bg5 exd5 6. cxd5 d6
7. e4 Nbd7 8. Bxb5 h6 9. Bxf6 Qxf6 10. Nc3 Be7 11. Qa4 a6
12. Bc6 Rb8 13. a3 Rxb2 14. e5 dxe5 15. d6 Qxd6 16. Rd1 Qe6
17. O-O f6 18. Nh4 g5 19. Ng6 Rh7 20. Bd5 Qb6 21. Qe4 Rg7
22. Nxe7 Kxe7 23. Na4 Qb8 24. Nxb2 Qxb2 25. Bc4 Qb7 26. Qd3
Qc6 27. Qh3 Nf8 28. Qb3 Be6 29. Bd5 Qc7 30. Qc4 Kf7 31. Rd2
Qe7 32. Rfd1 Kg8 33. Qxa6 Bxd5 34. Rxd5 Kh7 35. Rd6 Rf7
36. Qc6 Qa7 37. Rxf6 Rxf6 38. Qxf6 Ng6 39. Qf5 Qxa3 40. Rd7+
Kh8 41. Qf6+ 1-0

[Event "FIDE Online Olympiad"]
[Site "Chess.com"]
[Date "2020.08.22"]
[EventDate "2020.08.21"]
[Round "6"]
[Result "1-0"]
[White "Alexey Shirov"]
[Black "Timothe Razafindratsima"]
[WhiteElo "2629"]
[BlackElo "2199"]
[Source "Chess-Results"]
[PlyCount "77"]

1. e4 c5 2. Nf3 d6 3. d4 cxd4 4. Nxd4 Nf6 5. Nc3 a6 6. h3 e6
7. g4 h6 8. Bg2 g5 9. b3 Nbd7 10. Bb2 Ne5 11. Qd2 Nfd7
12. O-O-O Qc7 13. Nce2 b5 14. f4 gxf4 15. Nxf4 Nc5 16. Nf3 Bb7
17. Nxe5 dxe5 18. Nh5 Be7 19. Kb1 Rc8 20. Rhf1 Bg5 21. Qf2 Rh7
22. h4 Be7 23. Rde1 a5 24. Re2 a4 25. Rd1 b4 26. Rdd2 Ba6
27. Re1 axb3 28. axb3 Bb5 29. Qg3 Nd7 30. Red1 Ra8 31. Rxd7
Bxd7 32. Bxe5 Qa5 33. Nf6+ Bxf6 34. Bxf6 Qa2+ 35. Kc1 Rc8
36. Rd2 Qa3+ 37. Kb1 Qa7 38. Qd6 Bb5 39. Qd8+ 1-0

[Event "FIDE Online Olympiad"]
[Site "Chess.com"]
[Date "2020.08.22"]
[EventDate "2020.08.21"]
[Round "6"]
[Result "1-0"]
[White "Sabrina Vega Gutierrez"]
[Black "Solenn Afraoui"]
[WhiteElo "2243"]
[BlackElo "1823"]
[Source "Chess-Results"]
[PlyCount "53"]

1. e4 c5 2. Nf3 d6 3. d4 cxd4 4. Qxd4 Nf6 5. Nc3 a6 6. Bg5 Nc6
7. Qd2 Bg4 8. O-O-O h6 9. Bxf6 gxf6 10. Be2 h5 11. Kb1 Bh6
12. Qe1 Bxf3 13. Bxf3 Ne5 14. Be2 Rc8 15. g3 Bg7 16. f4 Nc4
17. Bxc4 Rxc4 18. f5 Qc8 19. Rd3 b5 20. Qe2 Qc6 21. Rhd1 Kd7
22. Nd5 Rc8 23. c3 e6 24. Qxh5 Ke8 25. fxe6 Rxe4 26. Qxf7+ Kd8
27. Qe7# 1-0

[Event "FIDE Online Olympiad"]
[Site "Chess.com"]
[Date "2020.08.22"]
[EventDate "2020.08.21"]
[Round "6"]
[Result "1-0"]
[White "Theo Bressy"]
[Black "Lance Henderson de La Fuente"]
[WhiteElo "2180"]
[BlackElo "2177"]
[Source "Chess-Results"]
[PlyCount "65"]

1. e4 e6 2. d4 d5 3. Nc3 Bb4 4. e5 c5 5. a3 Ba5 6. Bd2 cxd4
7. Nb5 Bxd2+ 8. Qxd2 Nc6 9. f4 Nh6 10. Nd6+ Kf8 11. Nf3 Nf5
12. Nxf5 exf5 13. Nxd4 Qb6 14. O-O-O Nxd4 15. Qxd4 Qxd4
16. Rxd4 Be6 17. g3 Ke7 18. Bg2 h5 19. h4 Rac8 20. Bxd5 Rc7
21. Bxe6 Kxe6 22. Rhd1 Rhc8 23. c3 Ke7 24. a4 b6 25. Rd6 Rb8
26. R1d5 Rbb7 27. Rd8 Rc4 28. Rg8 Rxa4 29. Rdd8 Ra1+ 30. Kc2
f6 31. Rge8+ Kf7 32. e6+ Kg6 33. Rd7 1-0